Apuntes universitarios (Record no. 207985)

MARC details
000 -CABECERA
campo de control de longitud fija 01800cas a2200289 a 4500
005 - FECHA Y HORA DE LA ÚLTIMA TRANSACCIÓN
campo de control 20250116063901.0
006 - ELEMENTOS DE LONGITUD FIJA – CARACTERÍSTICAS DE MATERIALES ADICIONALES – INFORMACIÓN GENERAL
campo de control de longitud fija s|||||o|||| 00| 0
008 - ELEMENTOS DE LONGITUD FIJA--INFORMACIÓN GENERAL
campo de control de longitud fija 991125c2011 pe qr p|o 000 0 spa d
022 ## - NÚMERO INTERNACIONAL NORMALIZADO PARA PUBLICACIONES SERIADAS
Número Internacional Normalizado para Publicaciones Seriadas 2304-0335
035 ## - NÚMERO DE CONTROL DEL SISTEMA
Número de control de sistema UPN01000235890
040 ## - FUENTE DE LA CATALOGACIÓN
Centro catalogador/agencia de origen MX-MxUPN
Lengua de catalogación spa
Normas de descripción aacr2
049 ## - COLECCIÓN
Colección REV-E
245 00 - MENCIÓN DE TÍTULO
Título Apuntes universitarios
Medio [recurso electrónico en línea]
260 ## - PUBLICACIÓN, DISTRIBUCIÓN, ETC.
Lugar de publicación, distribución, etc. Perú :
Nombre del editor, distribuidor, etc. Universidad Peruana Unión, Escuela de Posgrado,
Fecha de publicación, distribución, etc. 2011-
310 ## - FRECUENCIA ACTUAL DE LA PUBLICACION
Periodicidad actual Trimestral
506 0# - NOTA DE RESTRICCIONES AL ACCESO
Limitaciones de acceso Acceso abierto
510 1# - NOTA DE CITAS O REFERENCIAS BIBLIOGRÁFICAS
Nombre de la fuente Dialnet, Circ, Ebsco, Latindex, Doaj, entre otros.
510 1# - NOTA DE CITAS O REFERENCIAS BIBLIOGRÁFICAS
Nombre de la fuente Latindex
510 1# - NOTA DE CITAS O REFERENCIAS BIBLIOGRÁFICAS
Nombre de la fuente Doaj
520 1# - NOTA DE RESUMEN, ETC.
Sumario, etc. "Es una publicación que incluye artículos de investigación de educación, a través de artículos originales e inéditos que dan cuenta de los resultados de investigaciones empíricas, estudios evaluativos de intervención o estudios diagnósticos, estudios de caso y revisiones sistemáticas de literatura sobre temas educativos, así como de ensayos en temas relacionados con educación y de reseñas bibliográficas, dando prioridad a aportes sobre Perú y América Latina, aunque se aceptan también artículos que abordan experiencias de otros países que resulten ilustrativas y contribuyan al debate actual de los temas educativos y de humanidades. Una parte de cada número se dedica a artículos sobre temas específicos —solicitados por convocatorias—, la otra ofrece un espacio abierto para investigaciones recientes de otros temas educativos".
Fuente proveedora Apuntes universitarios
650 #4 - ASIENTO SECUNDARIO DE MATERIA - TERMINO TEMATICO
Término de materia o nombre geográfico como elemento de entrada Ciencias sociales
9 (RLIN) 9133
650 #4 - ASIENTO SECUNDARIO DE MATERIA - TERMINO TEMATICO
Término de materia o nombre geográfico como elemento de entrada Educación
9 (RLIN) 682
856 40 - LOCALIZACIÓN Y ACCESO ELECTRÓNICOS
Identificador Uniforme del Recurso <a href="https://apuntesuniversitarios.upeu.edu.pe/index.php/revapuntes/EnyAl">https://apuntesuniversitarios.upeu.edu.pe/index.php/revapuntes/EnyAl</a>
856 40 - LOCALIZACIÓN Y ACCESO ELECTRÓNICOS
Identificador Uniforme del Recurso <a href="https://doi.org/10.17162/au.v10i1.414">https://doi.org/10.17162/au.v10i1.414</a>
Nota pública Consultar revista completa
905 ## - TIPO DE MATERIAL
Tipo de material Revista
942 ## - ELEMENTOS DE PUNTO DE ACCESO ADICIONAL (KOHA)
Tipo de ítem Koha Revista Electrónica
Holdings
Estado de retiro Estado de pérdida Estado dañado No para préstamo Código de colección Localización permanente Ubicación/localización actual Ubicación en estantería Fecha de adquisición Fecha visto por última vez Tipo de ítem Koha
        Acceso abierto Bib. Gregorio Torres Quintero Bib. Gregorio Torres Quintero En línea 19/05/2022 19/05/2022 Revista Electrónica